Zwycięzcy konkursów Pucharu Świata 2009/10 w skokach narciarskich - Statystyki

Ogólne statystyki
  • Ten quiz został rozwiązany 39 razy
  • Średni wynik to 22 z 23
Statystyki odpowiedzi
Data Miejscowość Skocznia Narodowość Zwycięzca % Poprawnych
6.12.2009 Lillehammer duża Szwajcaria Simon Ammann
100%
18.12.2009 Engelberg duża Szwajcaria Simon Ammann
100%
20.12.2009 Engelberg duża Szwajcaria Simon Ammann
100%
17.01.2010 Sapporo duża Szwajcaria Simon Ammann
100%
3.02.2010 Klingenthal duża Szwajcaria Simon Ammann
100%
7.03.2010 Lahti duża Szwajcaria Simon Ammann
100%
9.03.2010 Kuopio duża Szwajcaria Simon Ammann
100%
12.03.2010 Lillehammer duża Szwajcaria Simon Ammann
100%
14.03.2010 Oslo duża Szwajcaria Simon Ammann
100%
5.12.2009 Lillehammer duża Austria Gregor Schlierenzauer
97%
19.12.2009 Engelberg duża Austria Gregor Schlierenzauer
97%
1.01.2010 Garmisch-Partenkirchen duża Austria Gregor Schlierenzauer
97%
3.01.2010 Innsbruck duża Austria Gregor Schlierenzauer
97%
10.01.2010 Tauplitz mamucia Austria Gregor Schlierenzauer
97%
22.01.2010 Zakopane duża Austria Gregor Schlierenzauer
97%
23.01.2010 Zakopane duża Austria Gregor Schlierenzauer
97%
6.02.2010 Willingen duża Austria Gregor Schlierenzauer
97%
6.01.2010 Bischofshofen duża Austria Thomas Morgenstern
97%
16.01.2010 Sapporo duża Austria Thomas Morgenstern
97%
29.12.2009 Oberstdorf duża Austria Andreas Kofler
85%
9.01.2010 Tauplitz mamucia Słowenia Robert Kranjec
85%
31.01.2010 Oberstdorf mamucia Norwegia Anders Jacobsen
82%
28.11.2009 Ruka duża Norwegia Bjørn Einar Romøren
65%
Nie znaleziono quizów pasujących do podanych kryteriów
Rozkład punktacji
Procent ludzi z każdym wynikiem
Percentyl według liczby udzielonych odpowiedzi
Twoja historia wyników
Nie rozwiązałeś tego quizu